The effect of using dry wild taro leaves replace soy bean on performance of broiler chicken in royal university of agriculture, ប្រសិទ្ថភាពនៃការប្រើប្រាស់ស្លឹកត្រាវព្រៃក្រៀមជំនួសសណ្តែកសៀងលើការលូតលាស់របស់មាន់សាច់ នៅស្ថានីយ៏ចិញ្ចឹមសត្វនៃសាកលវិទ្យាល័យភូមិន្ទកសិកម្ម (Record no. 2219)

000 -LEADER
fixed length control field 00893nam a22001577a 4500
003 - CONTROL NUMBER IDENTIFIER
control field OSt
005 - DATE AND TIME OF LATEST TRANSACTION
control field 20151008135243.0
008 - FIXED-LENGTH DATA ELEMENTS--GENERAL INFORMATION
fixed length control field 151008b xxu||||| |||| 00| 0 eng d
040 ## - CATALOGING SOURCE
Transcribing agency RUA
082 ## - DEWEY DECIMAL CLASSIFICATION NUMBER
Classification number AVM MEA 2007 B080 Or.1
100 ## - MAIN ENTRY--PERSONAL NAME
9 (RLIN) 2357
Personal name MEAS, SOKHENG.
245 ## - TITLE STATEMENT
Title The effect of using dry wild taro leaves replace soy bean on performance of broiler chicken in royal university of agriculture, ប្រសិទ្ថភាពនៃការប្រើប្រាស់ស្លឹកត្រាវព្រៃក្រៀមជំនួសសណ្តែកសៀងលើការលូតលាស់របស់មាន់សាច់ នៅស្ថានីយ៏ចិញ្ចឹមសត្វនៃសាកលវិទ្យាល័យភូមិន្ទកសិកម្ម
260 ## - PUBLICATION, DISTRIBUTION, ETC. (IMPRINT)
Place of publication, distribution, etc. Phnom Penh
Name of publisher, distributor, etc. RUA
Date of publication, distribution, etc. 2007
300 ## - PHYSICAL DESCRIPTION
Extent iv; 37p.
Other physical details ill.
Dimensions 29cm.
942 ## - ADDED ENTRY ELEMENTS (KOHA)
Source of classification or shelving scheme
Koha item type AVM
Holdings
Price effective from Date last seen Permanent Location Not for loan Date acquired Source of classification or shelving scheme Koha item type Lost status Withdrawn status Date last checked out Total Checkouts Shelving location Damaged status Barcode Current Location Full call number
2015-10-082016-11-04Library Block B 2015-10-08 AVM  2016-10-141B080 RUA015120Library Block BAVM MEA 2007 B080 Or.1
មជ្ឈមណ្ឌលឯការនៃសាកលវិទ្យាល័យភូមិន្ទកសិកម្មចំការដូង

Powered by Koha